Mi ciudad / (Registro nro. 21419)

Detalles MARC
000 -LEADER
campo de control de longitud fija 00817nam a2200229 i 4500
001 - NÚMERO DE CONTROL
campo de control 21419
003 - IDENTIFICADOR DE NÚMERO DE CONTROL
campo de control ES-MaACL
005 - FECHA Y HORA DE LA ÚLTIMA TRANSACCIÓN
campo de control 20240418135236.0
007 - CAMPO FIJO DE DESCRIPCIÓN FÍSICA--INFORMACIÓN GENERAL
campo de control de longitud fija t|
008 - DATOS DE LONGITUD FIJA--INFORMACIÓN GENERAL
campo de control de longitud fija 021125s1965 sp ||||1| spa d
100 1# - ENTRADA PRINCIPAL--NOMBRE DE PERSONA
Nombre de persona Alcaide de la Vega, Juan.
9 (RLIN) 19440
245 10 - MENCIÓN DEL TÍTULO
Título Mi ciudad /
Mención de responsabilidad, etc. Juan Alcaide de la Vega ; prólogo de Francisco López Estrada ; ilustraciones de Cristóbal Toral.
260 ## - PUBLICACIÓN, DISTRIBUCIÓN, ETC.
Lugar de publicación, distribución, etc. Antequera :
Nombre del editor, distribuidor, etc. [s.n.],
Fecha de publicación, distribución, etc. 1965 (
Lugar de fabricación/manufactura Sevilla :
Fabricante Tall. Tip. F. Vera)
300 ## - DESCRIPCIÓN FÍSICA
Extensión 174 p., 15 lám. ;
Dimensiones 20 cm.
490 1# - MENCIÓN DE SERIE
Mención de serie Biblioteca Antequerana ;
Designación de volumen o secuencia 5
700 0# - ENTRADA AGREGADA--NOMBRE PERSONAL
Nombre de persona López Estrada, Francisco,
Fechas asociadas al nombre 1918-2010
9 (RLIN) 73627
700 1# - ENTRADA AGREGADA--NOMBRE PERSONAL
Nombre de persona Toral, Cristóbal.
9 (RLIN) 110607
830 0# - PUNTO DE ACCESO ADICIONAL DE SERIE-TÍTULO UNIFORME
Título uniforme Biblioteca Antequerana ;
Designación de volumen o secuencia 5
9 (RLIN) 228954
852 ## - LOCALIZACIÓN
Ubicación ES-MaACL
Número de control de estantería C-28058
Sublocalización o colección R.57306
852 ## - LOCALIZACIÓN
Ubicación ES-MaACL
Número de control de estantería G-3934
Sublocalización o colección R.65159
Existencias
Estatus retirado Estado de pérdida Estado de daño No para préstamo Biblioteca de origen Biblioteca actual Ubicación en estantería Fecha de adquisición Fuente de adquisición Total de préstamos Signatura topográfica completa Código de barras Visto por última vez Precio de reemplazo Tipo de ítem Koha
        Biblioteca del Ateneo de Madrid Biblioteca del Ateneo de Madrid Depósito 2 17/01/2008     G-3934 1022008 23/02/2023 23/02/2023 Libro impreso
        Biblioteca del Ateneo de Madrid Biblioteca del Ateneo de Madrid Depósito 2 17/01/2008     C-28058 1022007 23/02/2023 23/02/2023 Libro impreso